[Event "RUS-ch IPCA"]
[Site "Volgograd"]
[Date "2017.05.04"]
[Round "5"]
[White "Virfel, Roman"]
[Black "Shchukina, Ekaterina"]
[Result "0-1"]
[WhiteElo "1834"]
[BlackElo "1590"]
[PlyCount "46"]
[EventDate "2017.04.30"]
[EventType "swiss"]
[EventRounds "9"]
[EventCountry "RUS"]
[SourceTitle "CBM 178 Extra"]
[Source "ChessBase"]
[SourceDate "2017.06.22"]
[SourceVersion "1"]
[SourceVersionDate "2017.06.22"]
[SourceQuality "1"]

1. c4 Nf6 2. d4 c5 3. d5 b5 4. cxb5 a6 5. e4 Nxe4 6. Qf3 Nd6 7. Bf4 Bb7 8. Bxd6 exd6 9. Nc3 Be7 10. Bd3 0-0 11. h4 Bf6 12. Nge2 axb5 13. h5 c4 14. Qf5 cxd3 15. Ne4 dxe2 16. h6 Re8 17. hxg7 Bxg7 18. Rxh7 Re5 19. Rxg7+ Kxg7 20. Qg4+ Kf8 21. Kxe2 Bxd5 22. f3 Ra4 23. Rh1 Qf6 0-1

[Event "RUS-ch IPCA"]
[Site "Volgograd"]
[Date "2017.04.30"]
[Round "1"]
[White "Virfel, Roman"]
[Black "Chestnov, Vitaliy A"]
[Result "1-0"]
[WhiteElo "1834"]
[BlackElo "2240"]
[PlyCount "70"]
[EventDate "2017.04.30"]
[EventType "swiss"]
[EventRounds "9"]
[EventCountry "RUS"]
[SourceTitle "CBM 178 Extra"]
[Source "ChessBase"]
[SourceDate "2017.06.22"]
[SourceVersion "1"]
[SourceVersionDate "2017.06.22"]
[SourceQuality "1"]

1. e4 c5 2. Nf3 g6 3. c3 Bg7 4. d4 cxd4 5. cxd4 d5 6. e5 Bg4 7. Qb3 Qd7 8. Be2 Nc6 9. Be3 Bxf3 10. Bxf3 e6 11. Nc3 Nge7 12. Nb5 0-0 13. h4 a6 14. Nc3 f6 15. Na4 Qc7 16. Nc5 Qc8 17. Bg4 Nf5 18. Bxf5 gxf5 19. Qxb7 Qxb7 20. Nxb7 fxe5 21. Rc1 Nxd4 22. h5 f4 23. Bxd4 exd4 24. Rh4 Rab8 25. Rc7 Rf7 26. Rxf7 Kxf7 27. Rxf4+ Ke7 28. Na5 Rxb2 29. Nc6+ Kd6 30. Rf7 Kxc6 31. Rxg7 Rb7 32. h6 e5 33. Rxb7 Kxb7 34. g4 Kc6 35. g5 Kd6 1-0

[Event "RUS IPCA-ch"]
[Site "Nalchik"]
[Date "2016.05.08"]
[Round "9"]
[White "Virfel, Roman"]
[Black "Kuprin, Vladimir"]
[Result "0-1"]
[WhiteElo "1850"]
[BlackElo "2119"]
[PlyCount "77"]
[EventDate "2016.04.30"]
[EventType "swiss"]
[EventRounds "9"]
[EventCountry "RUS"]
[SourceTitle "CBM 172 Extra"]
[Source "ChessBase"]
[SourceDate "2016.06.21"]
[SourceVersion "1"]
[SourceVersionDate "2016.06.21"]
[SourceQuality "1"]

1. e4 c6 2. d4 d5 3. e5 Bf5 4. Nc3 Qb6 5. g4 Bd7 6. Na4 Qc7 7. Bd2 e6 8. Nf3 c5 9. Nxc5 Bxc5 10. dxc5 Qxc5 11. a3 Nc6 12. Be3 Qa5+ 13. Qd2 Qc7 14. Bf4 Nge7 15. c4 Na5 16. Qc3 dxc4 17. b4 Nd5 18. Qc2 Nb3 19. Rb1 Nxf4 20. Qxc4 Qxc4 21. Bxc4 Rc8 22. Bxb3 Bc6 23. Bd1 Ng2+ 24. Kf1 Nh4 25. Rb3 Bd5 26. Re3 Rc1 27. Ke2 Ke7 28. Kd2 Rhc8 29. Rhe1 Ng2 30. Nd4 Nxe1 31. Rxe1 Ra1 32. Re3 Rd8 33. Ba4 Bc6 34. Bxc6 Rxd4+ 35. Kc3 Rd8 36. Kb2 Rf1 37. Bxb7 Rxf2+ 38. Kb3 Rxh2 39. Rc3 0-1

[Event "RUS IPCA-ch"]
[Site "Nalchik"]
[Date "2015.05.07"]
[Round "8"]
[White "Virfel, Roman"]
[Black "Denisov, Denis"]
[Result "1-0"]
[WhiteElo "1846"]
[BlackElo "1945"]
[PlyCount "115"]
[EventDate "2015.04.30"]
[EventType "swiss"]
[EventRounds "9"]
[EventCountry "RUS"]
[SourceTitle "EXT 2018"]
[Source "ChessBase"]
[SourceDate "2017.10.13"]
[SourceVersion "1"]
[SourceVersionDate "2017.10.13"]
[SourceQuality "1"]

1. e4 e5 2. Nf3 Nc6 3. Bc4 Bc5 4. c3 Nf6 5. d4 exd4 6. e5 d5 7. exf6 dxc4 8. fxg7 Qe7+ 9. Qe2 Qxe2+ 10. Kxe2 Rg8 11. Bh6 Bg4 12. Nbd2 Ne5 13. Ne4 Bxf3+ 14. gxf3 d3+ 15. Kf1 Be7 16. Re1 f5 17. Ng5 Nf7 18. Nxf7 Kxf7 19. Re5 Bd6 20. Rd5 Ke6 21. Rd4 b5 22. Kg2 Be5 23. Re1 Kf6 24. Rd5 Bd6 25. Rxb5 Rae8 26. Kf1 Kg6 27. Be3 Rxg7 28. Bxa7 Rxe1+ 29. Kxe1 c6 30. Ra5 Re7+ 31. Kd1 Re2 32. Ra6 Bf4 33. Rxc6+ Kg5 34. Be3 Rxb2 35. Rxc4 Bxe3 36. h4+ Kh5 37. fxe3 Rxa2 38. Rf4 Kg6 39. Rd4 Rf2 40. f4 Kh5 41. Rxd3 Kxh4 42. c4 Ra2 43. c5 Ra6 44. Rd6 Ra5 45. Rh6+ Kg4 46. c6 Kf3 47. Kd2 Rd5+ 48. Kc3 Kxe3 49. Kc4 Rd1 50. Rh3+ Kxf4 51. c7 Rc1+ 52. Rc3 Rxc3+ 53. Kxc3 Kg3 54. c8Q f4 55. Qg8+ Kf2 56. Kd3 f3 57. Qxh7 Kg2 58. Ke3 1-0

[Event "RUS IPCA-ch"]
[Site "Nalchik"]
[Date "2014.05.06"]
[Round "6"]
[White "Marievsky, Maxim"]
[Black "Virfel, Roman"]
[Result "1-0"]
[WhiteElo "1971"]
[BlackElo "1850"]
[PlyCount "55"]
[EventDate "2014.05.01"]
[EventType "swiss"]
[EventRounds "9"]
[EventCountry "RUS"]
[SourceTitle "CBM 160 Extra"]
[Source "ChessBase"]
[SourceDate "2014.07.01"]
[SourceVersion "1"]
[SourceVersionDate "2014.07.01"]
[SourceQuality "1"]

1. e4 e6 2. d3 d5 3. Nd2 c5 4. f4 Ne7 5. Ngf3 Nbc6 6. g3 b6 7. Bg2 Ba6 8. 0-0 Qc7 9. Re1 d4 10. e5 Rd8 11. Ne4 Nd5 12. Qe2 Be7 13. a3 b5 14. Bd2 Qb6 15. Kh1 c4 16. g4 g6 17. f5 gxf5 18. gxf5 c3 19. bxc3 dxc3 20. Bh6 Bf8 21. Bg5 Bg7 22. fxe6 fxe6 23. Nf6+ Bxf6 24. exf6 Rd6 25. f7+ Kd7 26. Ne5+ Nxe5 27. Qxe5 Rf8 28. Rf1 1-0

[Event "IPCA Wch-A 11th"]
[Site "Piestany"]
[Date "2011.07.07"]
[Round "7"]
[White "Zavarsky, Juraj"]
[Black "Virfel, Roman"]
[Result "1-0"]
[WhiteElo "2026"]
[BlackElo "1774"]
[PlyCount "55"]
[EventDate "2011.07.02"]
[EventType "swiss"]
[EventRounds "9"]
[EventCountry "SVK"]
[SourceTitle "EXT 2012"]
[Source "ChessBase"]
[SourceDate "2011.11.24"]
[SourceVersion "1"]
[SourceVersionDate "2011.11.24"]
[SourceQuality "1"]

1. e4 c5 2. Nf3 e6 3. d3 Nc6 4. g3 d5 5. Nbd2 Nf6 6. Bg2 d4 7. a4 e5 8. Nc4 Qc7 9. h3 Be6 10. b3 h6 11. Nh4 Be7 12. Nf5 Bf8 13. Bd2 g6 14. Nh4 Be7 15. Qc1 Bf8 16. a5 Bg7 17. 0-0 Ke7 18. Qa3 Nd7 19. f4 b5 20. axb6 axb6 21. Qxa8 Rxa8 22. Rxa8 Bxc4 23. bxc4 Na5 24. f5 Qb7 25. Rg8 g5 26. f6+ Bxf6 27. Nf5+ Ke6 28. Re8+ 1-0

[Event "IPCA Wch-A 11th"]
[Site "Piestany"]
[Date "2011.07.05"]
[Round "4"]
[White "Virfel, Roman"]
[Black "Koerber, Antonin"]
[Result "1-0"]
[WhiteElo "1774"]
[BlackElo "1812"]
[PlyCount "73"]
[EventDate "2011.07.02"]
[EventType "swiss"]
[EventRounds "9"]
[EventCountry "SVK"]
[SourceTitle "EXT 2012"]
[Source "ChessBase"]
[SourceDate "2011.11.24"]
[SourceVersion "1"]
[SourceVersionDate "2011.11.24"]
[SourceQuality "1"]

1. e4 b6 2. d4 e6 3. c4 Bb7 4. Bd3 d6 5. Nc3 c5 6. d5 e5 7. f4 Nd7 8. Nf3 f6 9. Nh4 g6 10. f5 Ne7 11. 0-0 a6 12. Qg4 h5 13. Qg3 g5 14. Nf3 Qc7 15. Nxg5 fxg5 16. f6 g4 17. Bg5 Bh6 18. Bxh6 Rxh6 19. fxe7 Nf6 20. Qe3 Rg6 21. Na4 Kxe7 22. b4 Bc8 23. bxc5 bxc5 24. Rab1 Bd7 25. Nc3 Qc8 26. Rb6 h4 27. Rfb1 g3 28. h3 Bxh3 29. gxh3 Qxh3 30. Rb7+ Kd8 31. R1b2 Ng4 32. Qf3 Rf6 33. Qg2 Nf2 34. Be2 Qc8 35. Nd1 Rg6 36. Rh7 Nh3+ 37. Kh1 1-0